书目信息 |
| 题名: |
魔鬼附身
|
|
| 作者: | 拉迪盖, , 萨德 著 ;李玉民 , 羽林 译 | |
| 分册: | ||
| 出版信息: | 长春 时代文艺出版社 2002.01 |
|
| 页数: | 23, 404页 | |
| 开本: | 23cm | |
| 丛书名: | 撒旦文丛 | |
| 单 册: | ||
| 中图分类: | I565.45 | |
| 科图分类: | ||
| 主题词: | 中篇小说--zhong pian xiao shuo--法国--现代 | |
| 电子资源: | ||
| ISBN: | 7-5387-1622-X | |
| 000 | 01273nam 2200361 450 | |
| 001 | 012008755503 | |
| 005 | 20080323142413.98 | |
| 010 | @a7-5387-1622-X@dCNY32.00 | |
| 100 | @a20080322d2002 km y0chiy0120 ea | |
| 101 | 1 | @achi@cfre |
| 102 | @aCN@b220000 | |
| 105 | @ay z 000ay | |
| 106 | @ar | |
| 200 | 1 | @a魔鬼附身@Amo gui fu shen@f(法) 拉迪盖著@F(fa)la di gai zhu@g李玉民译@Gli yu min yi@c淑女劫@f(法) 萨德著@F(fa)sa de zhu@g羽林译@Gyu lin yi |
| 210 | @a长春@c时代文艺出版社@d2002.01 | |
| 215 | @a23, 404页@d23cm | |
| 225 | 2 | @a撒旦文丛@Asa dan wen cong |
| 300 | @a偷食禁果后的性觉醒, 人类"性苦难"大展 | |
| 312 | @a法文并列题名取自书中。 | |
| 330 | @a本书为合订合刊书,包括魔鬼附身和淑女劫两篇。 | |
| 410 | 0 | @12001 @a撒旦文丛 |
| 423 | @12001 @a淑女劫@f(法)萨德著 | |
| 510 | 1 | @aDiable au corps@zfre |
| 510 | 1 | @aJustine du les malheures de la vertu@zfre |
| 517 | 1 | @a淑女劫@Ashu nu jie |
| 606 | 0 | @a中篇小说@Azhong pian xiao shuo@y法国@z现代 |
| 690 | @aI565.45@v4 | |
| 701 | 1 | @a拉迪盖,@Ala di gai,@bR.@g(Radiguet, Raymond),@f1903-1923@4著 |
| 701 | 1 | @a萨德@Asa de@g( Sade ),@f1740-1814@4著 |
| 702 | 0 | @a李玉民@Ali yu min@4译 |
| 702 | 0 | @a羽林@Ayu lin@4译 |
| 801 | 0 | @aCN@bQSSK@c20080323 |
| 905 | @b20290482-85@dI565.45@eL001@f4 | |
| 魔鬼附身/(法) 拉迪盖著/李玉民译.淑女劫/(法) 萨德著/羽林译.-长春:时代文艺出版社,2002.01 |
| 23, 404页;23cm.-(撒旦文丛) |
| 偷食禁果后的性觉醒, 人类"性苦难"大展 |
| ISBN 7-5387-1622-X:CNY32.00 |
| 本书为合订合刊书,包括魔鬼附身和淑女劫两篇。 |
| ● |
| 相关链接 |
|
|
|
正题名:魔鬼附身
索取号:I565.45/L001
 
预约/预借
| 序号 | 登录号 | 条形码 | 馆藏地/架位号 | 状态 | 备注 |
| 1 | 290482 | 202904820 | 社科二线400B/400B社科库 9排4列6层/ [索取号:I565.45/L001] | 在馆 | |
| 2 | 290483 | 202904839 | 社科二线422/116文学库 24排3列4层/ [索取号:I565.45/L001] | 在馆 | |
| 3 | 290484 | 202904848 | 文学库108/400B社科库 8排2列4层/ [索取号:I565.45/L001] | 在馆 | |
| 4 | 290485 | 202904857 | 文学库108/116文学库 24排3列4层/ [索取号:I565.45/L001] | 在馆 |